Multicultural psychology : (Record no. 37494)

MARC details
000 -LEADER
fixed length control field 01748cam a2200229 i 4500
020 ## - INTERNATIONAL STANDARD BOOK NUMBER
ISBN 9781506375885
041 ## - LANGUAGE CODE
Language code of text/sound track or separate title eng.
082 00 - DEWEY DECIMAL CLASSIFICATION NUMBER
Classification number 155.820973
Item number PED-M
100 1# - MAIN ENTRY--AUTHOR NAME
Personal name Pedrotti, Jennifer Teramoto,
Relator term author.
245 10 - TITLE STATEMENT
Title Multicultural psychology :
Sub Title self, society, and social change /
Statement of responsibility, etc Jennifer Teramoto Pedrotti, Denise A. Isom.
250 ## - EDITION STATEMENT
Edition statement First edition.
260 ## - PUBLICATION, DISTRIBUTION, ETC. (IMPRINT)
Place of publication Thousand Oaks, California :
Name of publisher Sage,
Year of publication 2021.
300 ## - PHYSICAL DESCRIPTION
Number of Pages xix, 400p.
504 ## - BIBLIOGRAPHY, ETC. NOTE
Bibliography, etc Includes bibliographical references.
520 ## - SUMMARY, ETC.
Summary, etc Combining theory and history with an active approach rooted in self-reflection, Multicultural Psychology applies a framework of self-awareness and social justice to foundational and current topics across Multicultural Psychology studies today. Multicultural Psychology focuses on identity and its social context to help students view culture not just as a minority issue, but a way of understanding all human experiences. Multicultural Psychology will help students apply concepts to their own lives at point of learning, to assess their own awareness and progress, and to consider their own role and ability to engage in social change. With this balanced approach, Multicultural Psychology helps students entering the course with varied levels of cultural and diversity awareness to understand their individual and social cultural contexts, to gain awareness of their interactions with others, and to understand the intersections that occur with other cultures across their lives and careers.
546 ## - LANGUAGE NOTE
Language note English.
650 #0 - SUBJECT ADDED ENTRY--TOPICAL TERM
Topical Term Ethnopsychology
Geographic subdivision United States.
650 #0 - SUBJECT ADDED ENTRY--TOPICAL TERM
Topical Term Minorities
Geographic subdivision United States
General subdivision Psychology.
650 #0 - SUBJECT ADDED ENTRY--TOPICAL TERM
Topical Term Ethnic groups
Geographic subdivision United States
General subdivision Psychology.
700 1# - ADDED ENTRY--PERSONAL NAME
Personal name Isom, Denise A.
Relator term author.
942 ## - ADDED ENTRY ELEMENTS (KOHA)
Source of classification or shelving scheme Dewey Decimal Classification
Koha item type Books
Holdings
Withdrawn status Lost status Damaged status Not for loan Home library Current library Date acquired Source of acquisition Cost, normal purchase price Full call number Accession Number Cost, replacement price Price effective from Koha item type
        NASSDOC Library NASSDOC Library 16/03/2023 Overseas 0.00 155.820973 PED-M 53136 0.00 03/05/2023 Books